Normal view
MARC view
- Soundproofing.
Entry Topical Term
001 - CONTROL NUMBER
- control field: 3294
003 - CONTROL NUMBER IDENTIFIER
- control field: NUST
005 - DATE AND TIME OF LATEST TRANSACTION
- control field: 20170713160135.0
008 - FIXED-LENGTH DATA ELEMENTS
- fixed length control field: 170713|| aca||aabn | a|a d
040 ## - CATALOGING SOURCE
- Original cataloging agency: NUST
- Transcribing agency: NUST
150 ## - HEADING--TOPICAL TERM
- Topical term or geographic name entry element: Soundproofing.
670 ## - SOURCE DATA FOUND
- Source citation: Work cat.: (NUST)0: Bies, David A., 1925- 3292, Engineering noise control :, 2009.
